000 00439nam a22001577a 4500
005 20260312093917.0
008 260312b |||||||| |||| 00| 0 eng d
020 _a9788127244859
050 _aHG4015 GUP
100 _aGupta Shashi K.
245 _aFinancial Management and Strategies
_cShashi K. Gupta
250 _a3rd Rev. Ed.
260 _aNew Delhi
_bKalyani Publishers
_c2003
650 _2Finance
942 _2lcc
_cBK
_n0
_e3rd Rev. Ed.
999 _c8964
_d8964